[Event "Portugal Open 2019"]
[Site "Lisbon"]
[Date "2019.02.06"]
[Round "6.38"]
[White "Napoli, Nicolo"]
[Black "Jazdanovs, Aleksandrs"]
[Result "1-0"]
[WhiteElo "2316"]
[BlackElo "2100"]
[Annotator "NA"]
[PlyCount "91"]
[EventDate "2019.01.25"]
[EventType "swiss"]
[EventCountry "POR"]
[SourceTitle "playchess.com"]
[Source "ChessBase"]
[SourceQuality "1"]
[TimeControl "5400+30"]

1. d4 Nf6 2. c4 c5 {[%emt 0:03:06]} 3. d5 {[%emt 0:00:00]} b5 {[%emt 0:00:06]} 4. Nf3 {[%emt 0:00:00]} bxc4 {[%emt 0:01:35]} 5. Nc3 {[%emt 0:00:01]} g6 {[%emt 0:04:17]} ({Predecessor:} 5... d6 6. e4 {1-0 (52) Khamitskiy,S (2324)-Kalata,M (2151) Chojnice 2008}) 6. e4 {[%emt 0:00:43]} d6 {[%emt 0:00:13]} 7. Bxc4 {[%emt 0:00:20]} Bg7 {[%emt 0:00:47]} 8. e5 {[%emt 0:03:12]} dxe5 {[%emt 0:03:29]} 9. Nxe5 {[%emt 0:00:16]} O-O {[%emt 0:01:13]} 10. O-O {[%emt 0:00:13]} Nfd7 {[%emt 0:01:27]} 11. Nc6 $146 {[%emt 0:06:46] A57: Benko/Volga Gambit} (11. Nxf7 Rxf7 12. d6 Nb6 13. Bxf7+ Kxf7 14. Qf3+ Bf6 15. dxe7 Qxe7 16. Bg5 Kg7 17. Rfe1 Qf7 18. Ne4 Bxg5 19. Qxf7+ Kxf7 20. Nxg5+ {1-0 (32) Gasanov,E (2499)-Pogosyan,S (2365) St Petersburg 2018}) 11... Nxc6 {[%emt 0:01:43]} 12. dxc6 {[%emt 0:00:04]} Nb6 {[%emt 0:00:40]} 13. Be2 {[%emt 0:00:08]} Qc7 {[%emt 0:09:04]} 14. a4 {[%emt 0:10:03]} ({Predecessor:} 14. Bf3 Ba6 15. Re1 Rad8 16. Qb3 Bc4 17. Qa3 Bd4 18. Bh6 Rfe8 {1-0 (52) Khamitskiy,S (2324)-Kalata,M (2151) Chojnice 2008}) 14... Bxc3 {[%emt 0:05:28]} 15. bxc3 {[%emt 0:00:17]} Rd8 {[%emt 0:03:15]} 16. Qb3 {[%emt 0:15:33]} Be6 {[%emt 0:01:51]} 17. Qb5 {[%emt 0:10:10]} Rac8 {[%emt 0:00:59]} 18. a5 {[%emt 0:06:45]} Nd5 {[%emt 0:00:50]} 19. Bf3 {[%emt 0:03:50]} Qe5 {[%emt 0:13:52]} 20. Qxc5 {[%emt 0:02:51]} Qxc3 {[%emt 0:00:14]} 21. Qxc3 {[%emt 0:01:01]} Nxc3 {[%emt 0:00:07]} 22. Be3 {[%emt 0:00:17]} Bd5 {[%emt 0:01:28]} 23. Bxd5 {[%emt 0:03:13]} Nxd5 {[%emt 0:00:09]} 24. Bxa7 {[%emt 0:00:16]} Rxc6 {[%emt 0:00:17]} 25. Rfd1 {[%emt 0:03:03]} e6 {[%emt 0:01:27]} 26. Be3 {[%emt 0:00:29]} Ra6 {[%emt 0:02:09]} 27. Bd2 {[%emt 0:01:00]} f6 {[%emt 0:06:50]} 28. Kf1 {[%emt 0:00:13]} e5 {[%emt 0:00:38]} 29. Ke2 {[%emt 0:01:49]} Kf7 {[%emt 0:00:06]} 30. g3 {[%emt 0:00:32]} Ke6 {[%emt 0:02:45]} 31. Rdc1 $11 {[%emt 0:04:57]} Ne7 {[%emt 0:01:35]} 32. Rc7 {[%emt 0:03:59]} Nc6 {[%emt 0:02:59]} 33. Bc3 {[%emt 0:01:32]} h5 {[%emt 0:01:56]} 34. h4 {[%emt 0:01:28]} Rd5 {[%emt 0:05:50]} 35. Rg7 {[%emt 0:02:51]} Kf5 {[%emt 0:00:35]} 36. f3 {[%emt 0:00:25]} Nd4+ {[%emt 0:02:08]} 37. Bxd4 {[%emt 0:01:13]} exd4 {[%emt 0:00:07]} 38. g4+ {[%emt 0:05:03]} hxg4 {[%emt 0:00:24]} 39. fxg4+ {[%emt 0:00:04]} Kxg4 {[%emt 0:00:16]} 40. Rxg6+ {[%emt 0:00:24]} Kh5 {[%emt 0:00:15]} 41. Rg8 {[%emt 0:01:05]} Raxa5 {[%emt 0:01:19]} 42. Rag1 {[%emt 0:01:24]} d3+ {[%emt 0:11:59]} 43. Kd2 {[%emt 0:01:03]} Ra2+ {[%emt 0:00:09]} 44. Kc3 {[%emt 0:00:37]} Rc2+ {[%emt 0:00:13]} 45. Kb3 {[%emt 0:00:37]} Rb5+ {[%emt 0:00:49]} 46. Ka4 {[%emt 0:00:09]} 1-0

[Event "Portugal Open 2019"]
[Site "Lisbon"]
[Date "2019.02.06"]
[Round "6.39"]
[White "Hodovsky, Jiri"]
[Black "Bartel, Michal"]
[Result "0-1"]
[WhiteElo "2094"]
[BlackElo "2306"]
[Annotator "TA"]
[PlyCount "66"]
[EventDate "2019.01.25"]
[EventType "swiss"]
[EventCountry "POR"]
[SourceTitle "playchess.com"]
[Source "ChessBase"]
[SourceQuality "1"]

{[%evp 16,66,0,-5,0,0,-2,-39,-52,-50,-52,-54,-50,-63,0,-54,-21,-29,-23,-64,-31,-59,-30,-81,-80,-104,-112,-108,-107,-320,-314,-306,-312,-330,-356,-363,-362,-481,-404,-409,-410,-386,-352,-385,-403,-437,-427,-654,-625,-782,-229,-774,-774]} 1. d4 (1. Nf3 d5 2. g3 Nf6 3. Bg2 c5 4. O-O Nc6 5. d4 cxd4 6. Nxd4 e5 {1-0 (86) Bindrich,F (2605)-Batsiashvili,N (2504) Caleta 2018}) 1... Nf6 2. Nf3 c5 3. g3 cxd4 4. Nxd4 e5 $146 ({Predecessor:} 4... d5 5. Bg2 e5 {½-½ (50) Helmers,K (2305)-Mortensen,E (2355) Gluecksburg 1977}) 5. Nb3 d5 6. Bg2 Nc6 7. O-O ({Predecessor:} 7. Bg5 Be6 {½-½ (50) Helmers,K (2305)-Mortensen,E (2355) Gluecksburg 1977}) 7... Be6 8. Bg5 Be7 9. Nc3 d4 {A43: Schmid Benoni} 10. Bxf6 (10. Na4 Bd5 11. Bxf6 Bxf6 12. Bxd5 Qxd5 13. Nc3 Qd8 14. Ne4 Be7 15. c3 f5 16. Nec5 dxc3 17. Nxb7 Qxd1 18. Rfxd1 cxb2 {1-0 (86) Bindrich,F (2605)-Batsiashvili,N (2504) Caleta 2018}) 10... gxf6 11. Ne4 Qb6 {Black is slightly better.} 12. c3 f5 13. Ned2 dxc3 14. bxc3 O-O (14... h5 $15) 15. Nf3 ({Better is} 15. Bh3 $11) 15... Rfd8 ({Predecessor:} 15... Bf6 16. Rb1 Rad8 17. Qc1 {½-½ (50) Helmers,K (2305)-Mortensen,E (2355) Gluecksburg 1977}) 16. Qc1 Kg7 17. Ng5 Bc4 $36 {[%mdl 2048] Black has some pressure.} 18. Re1 $1 h6 19. Nh3 (19. Nf3 $11 {keeps the balance.}) 19... Be6 $17 20. e4 fxe4 21. Rxe4 Rd7 22. Qe3 $2 {[#]} (22. Qf1 $17) 22... Qxe3 $1 $19 23. Rxe3 a5 {[%cal Ba7a5,Ba5a4][%mdl 32]} 24. Rae1 {intending Bxc6.} a4 25. Nc1 Rad8 26. Bf1 Rd2 27. Kg2 Bc5 28. Rd3 f6 29. Rxd2 Rxd2 30. Nd3 Be7 31. Rb1 (31. Nc1 $142) 31... Bf5 32. Rb2 Be4+ 33. Kg1 Rd1 {Accuracy: White = 37%, Black = 78%.} 0-1

[Event "Portugal Open 2019"]
[Site "Lisbon"]
[Date "2019.02.06"]
[Round "6.40"]
[White "Aflalo, Sophie"]
[Black "Chylewski, Patryk"]
[Result "0-1"]
[WhiteElo "2091"]
[BlackElo "2304"]
[Annotator "NA"]
[PlyCount "76"]
[EventDate "2019.01.25"]
[EventType "swiss"]
[EventCountry "POR"]
[SourceTitle "playchess.com"]
[Source "ChessBase"]
[SourceQuality "1"]
[TimeControl "5400+30"]

1. Nf3 {[%emt 0:09:43]} Nf6 {[%emt 0:00:49]} 2. b3 {[%emt 0:00:08]} d5 {[%emt 0:01:53]} 3. Bb2 {[%emt 0:00:05]} c6 {[%emt 0:01:47]} 4. c4 {[%emt 0:03:06]} Bg4 {[%emt 0:00:53]} 5. d3 {[%emt 0:00:56]} e6 {[%emt 0:01:29]} 6. Nbd2 {[%emt 0:00:57]} Nbd7 {[%emt 0:00:26]} 7. Ne5 {[%emt 0:07:55]} Nxe5 {[%emt 0:07:00]} 8. Bxe5 {[%emt 0:00:02]} Bd6 {[%emt 0:02:58]} 9. Bb2 {[%emt 0:03:33]} a5 {[%emt 0:00:43]} 10. a3 {[%emt 0:01:55]} O-O {[%emt 0:01:51]} 11. g3 {[%emt 0:00:18]} Qc7 {[%emt 0:04:02]} 12. Bg2 {[%emt 0:00:22]} Be5 {[%emt 0:05:04]} 13. d4 {[%emt 0:03:27]} Bd6 {[%emt 0:00:05]} 14. O-O {[%emt 0:00:55]} Qe7 {[%emt 0:02:06]} 15. Qe1 {[%emt 0:13:54]} c5 {[%emt 0:17:50]} 16. cxd5 {[%emt 0:02:13]} cxd4 {[%emt 0:12:05]} 17. Bxd4 {[%emt 0:01:48]} Nxd5 {[%emt 0:04:58]} 18. e4 {[%emt 0:04:15]} Nc7 {[%emt 0:00:14]} 19. Nc4 {[%emt 0:05:14]} e5 {[%emt 0:00:15]} 20. Bc3 {[%emt 0:02:26]} Nb5 {[%emt 0:04:32]} 21. Nb6 {[%emt 0:18:35]} Ra6 {[%emt 0:01:07]} 22. Nd5 {[%emt 0:01:39]} Qd7 {[%emt 0:00:37]} 23. Bb2 $11 {[%emt 0:02:25]} a4 {[%emt 0:13:29]} 24. b4 {[%emt 0:03:41]} f6 {[%emt 0:00:17]} 25. Qe3 {[%emt 0:00:45]} Bb8 {[%emt 0:00:32]} 26. h3 Bxh3 {[%emt 0:04:18]} 27. Nb6 {[%emt 0:05:57]} Qe6 {[%emt 0:01:55]} 28. Bxh3 {[%emt 0:00:35]} Qxh3 {[%emt 0:01:55]} 29. Qc5 {[%emt 0:02:01]} Ba7 {[%emt 0:03:55]} 30. Qd5+ {[%emt 0:02:06]} Kh8 {[%emt 0:00:09]} 31. Nd7 {[%emt 0:00:48]} Qxg3+ 32. Kh1 Qh3+ {[%emt 0:01:38]} 33. Kg1 {[%emt 0:00:01]} Qg4+ {[%emt 0:00:28]} 34. Kh1 {[%emt 0:01:22]} f5 {[%emt 0:01:40]} 35. Qxe5 {[%emt 0:00:43]} Rh6+ {[%emt 0:00:10]} 36. Qh2 {[%emt 0:00:03]} Qf3+ {[%emt 0:00:07]} 37. Kg1 {[%emt 0:00:13]} Rg6+ {[%emt 0:00:02]} 38. Qg3 {[%emt 0:00:09]} Qxg3+ {[%emt 0:00:05]} 0-1

[Event "Portugal Open 2019"]
[Site "Lisbon"]
[Date "2019.02.07"]
[Round "7.1"]
[White "Motylev, Alexander"]
[Black "Iturrizaga Bonelli, Eduardo"]
[Result "1/2-1/2"]
[WhiteElo "2644"]
[BlackElo "2640"]
[Annotator "TA"]
[PlyCount "29"]
[EventDate "2019.01.25"]
[EventType "swiss"]
[EventCountry "POR"]
[SourceTitle "playchess.com"]
[Source "ChessBase"]
[SourceQuality "1"]

{[%evp 13,29,21,45,41,46,44,54,39,39,31,38,38,29,41,45,33,62,23]} 1. e4 c5 2. Nf3 e6 ({Predecessor:} 2... Nc6 3. d4 cxd4 4. Nxd4 Qc7 5. Nc3 {½-½ (21) Sutovsky,E (2658)-Banikas,H (2521) Kallithea 2002}) 3. d4 cxd4 4. Nxd4 Nc6 5. Nc3 Qc7 $146 (5... a6 6. g3 d6 7. Nxc6 bxc6 8. Bg2 {½-½ (71) So,W (2765)-Movsesian,S (2629) chess.com INT 2019}) 6. g3 a6 7. Bg2 d6 8. Nxc6 {B47: Sicilian: Taimanov: 5 Nc3 Qc7 6 f4, 6 g3 and 6 Be2} bxc6 9. O-O Bb7 (9... Nf6 10. Na4 Bb7 11. c4 c5 12. Nc3 Nd7 13. f4 Be7 14. Be3 O-O 15. Qd2 Rad8 16. Rad1 Nb8 17. g4 Nc6 18. g5 {½-½ (71) So,W (2765)-Movsesian,S (2629) chess.com INT 2019}) ({Predecessor:} 9... Nf6 10. Re1 {½-½ (21) Sutovsky,E (2658)-Banikas,H (2521) Kallithea 2002}) 10. Re1 Nf6 11. Bf4 Nd7 12. Qd2 ({Predecessor:} 12. Na4 Be7 13. Qd2 c5 14. Rad1 Ne5 15. b3 Rd8 16. Bg5 f6 17. Be3 g5 18. h3 h5 19. f4 gxf4 20. gxf4 Ng6 21. Qe2 {½-½ (21) Sutovsky,E (2658)-Banikas,H (2521) Kallithea 2002}) 12... Nb6 13. b3 Be7 14. Rad1 {[%cal Rf4d6]} Rd8 15. a4 1/2-1/2

[Event "Portugal Open 2019"]
[Site "Lisbon"]
[Date "2019.02.07"]
[Round "7.2"]
[White "Hansen, Eric"]
[Black "Iniyan, P."]
[Result "1/2-1/2"]
[WhiteElo "2615"]
[BlackElo "2480"]
[Annotator "TA"]
[PlyCount "65"]
[EventDate "2019.01.25"]
[EventType "swiss"]
[EventCountry "POR"]
[SourceTitle "playchess.com"]
[Source "ChessBase"]
[SourceQuality "1"]

{[%evp 9,65,19,28,27,34,37,46,36,52,48,51,47,55,44,45,50,59,33,65,65,76,70,81,83,74,67,68,76,58,-28,-20,-34,-32,-35,-37,-38,-37,-47,58,-54,-34,-58,-37,-97,-95,-100,-45,-45,-41,-40,0,-44,0,-37,0,-77,0,-72]} 1. e4 c5 2. Nf3 d6 3. Bb5+ Nd7 4. Ba4 $146 (4. O-O a6 5. Bxd7+ Bxd7 6. d4 cxd4 7. Qxd4 e5 8. Qd3 h6 9. a4 Nf6 10. a5 Be7 11. c4 b5 12. axb6 Qxb6 13. Nc3 O-O 14. Be3 Qb7 15. h3 Rfc8 16. Nd2 Be6 17. Rfb1 a5 18. b3 Ra6 19. Ra2 Bd7 20. Rba1 {½-½ (20) Wang,H (2730)-Nepomniachtchi,I (2763) St Petersburg 2018}) ({Predecessor:} 4. c4 a6 5. Ba4 Ngf6 6. Nc3 e6 7. O-O {0-1 (39) Tornai,I (2241)-Dudas,J (2353) Hungary 2008}) 4... Ngf6 5. O-O a6 {White must now prevent ...b5.} 6. c4 {B51: Sicilian: Moscow Variation (3 Bb5+) without 3...Bd7} Qc7 7. Nc3 e6 8. d4 {White is slightly better.} ({Predecessor:} 8. d3 Be7 9. a3 O-O 10. Rb1 d5 11. cxd5 exd5 12. Bxd7 Qxd7 {0-1 (39) Tornai,I (2241)-Dudas,J (2353) Hungary 2008}) 8... cxd4 9. Qxd4 Be7 10. Rd1 $1 O-O 11. Bxd7 $1 Nxd7 12. Bg5 f6 13. Be3 Ne5 14. Nxe5 $1 dxe5 {[#]} 15. Qb6 $1 {[%cal Rb6c7]} Qxc4 {[#]} 16. Rac1 $1 {Hoping for Nd5.} Qb4 17. a3 Qxb6 18. Bxb6 f5 19. f3 (19. Na4 $14) 19... Bg5 $11 20. Rc2 Rf7 21. h4 Bxh4 22. Rcd2 Bg5 23. Rd3 a5 (23... g6 $15) 24. Na4 (24. Nb5 $1 $14) 24... h6 25. b3 Ra6 26. g3 (26. Rc3 $15 Rf8 27. Rdd3) 26... Kh7 $17 27. Kg2 fxe4 (27... h5 $17) 28. fxe4 $15 Kg6 29. Kh3 Kh7 30. Kg2 Kg6 31. Kh2 Kh7 32. Kh3 (32. Kg2 $11 {remains equal.}) 32... Kg6 33. Kh2 {Accuracy: White = 54%, Black = 51%.} 1/2-1/2

[Event "Portugal Open 2019"]
[Site "Lisbon"]
[Date "2019.02.07"]
[Round "7.3"]
[White "Petrov, Nikita"]
[Black "Butkiewicz, Lukasz"]
[Result "1-0"]
[WhiteElo "2585"]
[BlackElo "2445"]
[Annotator "TA"]
[PlyCount "75"]
[EventDate "2019.01.25"]
[EventType "swiss"]
[EventCountry "POR"]
[SourceTitle "playchess.com"]
[Source "ChessBase"]
[SourceQuality "1"]

{[%evp 11,75,40,33,47,36,51,45,33,47,47,38,50,56,52,95,100,116,111,125,114,168,168,169,153,161,159,154,152,185,178,196,187,194,207,210,197,180,191,195,195,195,182,278,269,333,302,323,333,308,280,335,331,423,326,419,438,430,442,522,528,5202,5197,2363,2885,2371,2222]} 1. e4 c5 2. Nf3 Nc6 3. Bb5 Nf6 4. Nc3 $146 ({Predecessor:} 4. e5 Ng4 5. Bxc6 dxc6 6. d3 g6 7. Bf4 Nh6 8. Nbd2 Nf5 9. Ne4 b6 10. Qd2 {0-1 (51) Warakomski,T (2498)-Naiditsch,A (2706) Trzcianka 2014}) 4... g6 5. e5 Ng4 6. Bxc6 dxc6 7. d3 {B30: Sicilian: 2...Nc6 3 Bb5, lines without ...g6} Bg7 8. Bf4 Nh6 9. Ne4 {White is slightly better.} b6 10. Qd2 Nf5 11. c3 h5 12. h3 h4 13. O-O Be6 14. Neg5 Qd7 15. Rfe1 O-O-O (15... O-O $16) 16. Nxe6 $18 fxe6 17. Red1 Bh6 18. Bxh6 Rxh6 19. a4 Rh5 20. Qe2 Kb8 21. d4 cxd4 22. Nxd4 Nxd4 23. Rxd4 ({Don't take} 23. cxd4 $6 Rf5 $16) 23... Qc7 24. Rxd8+ Qxd8 {[%mdl 4096] Endgame KQR-KQR} 25. Rd1 Qc7 26. f4 Rf5 (26... Rh8 {might work better.} 27. Qg4 Rd8) 27. Qg4 g5 28. Qh5 Qc8 29. fxg5 Qg8 30. Qxh4 Rxg5 31. Rd2 Kc7 32. Qd4 {[#] Hoping for Qd7+.} Qe8 33. b4 Rg8 {White is clearly winning.} 34. a5 Qc8 35. c4 Qe8 36. axb6+ axb6 37. c5 b5 38. Qa1 {Accuracy: White = 95%, Black = 40%.} 1-0

[Event "Portugal Open 2019"]
[Site "Lisbon"]
[Date "2019.02.07"]
[Round "7.4"]
[White "Korley, Kassa"]
[Black "Bernadskiy, Vitaliy"]
[Result "0-1"]
[WhiteElo "2426"]
[BlackElo "2570"]
[Annotator "RC"]
[PlyCount "94"]
[EventDate "2019.01.25"]
[EventType "swiss"]
[EventCountry "POR"]
[SourceTitle "playchess.com"]
[Source "ChessBase"]
[SourceQuality "1"]
[TimeControl "5400+30"]

1. d4 {[%emt 0:00:00]} Nf6 {[%emt 0:00:00]} 2. Nf3 {[%emt 0:00:00]} g6 {[%emt 0:00:00]} 3. c4 {[%emt 0:00:00]} Bg7 {[%emt 0:00:00]} 4. Nc3 {[%emt 0:00:00]} O-O {[%emt 0:00:00]} 5. e4 {[%emt 0:00:00]} d6 {[%emt 0:00:06]} 6. Be2 {[%emt 0:00:00]} e5 {[%emt 0:01:18]} 7. d5 {[%emt 0:00:03]} Nbd7 {[%emt 0:01:51]} 8. Be3 {[%emt 0:00:42]} Ng4 {[%emt 0:01:03]} 9. Bg5 {[%emt 0:00:12]} f6 {[%emt 0:00:13]} 10. Bc1 {[%emt 0:00:17]} Nh6 {[%emt 0:01:21]} 11. h4 {[%emt 0:02:52]} f5 {[%emt 0:10:03]} 12. Ng5 {[%emt 0:10:15]} Nf6 {[%emt 0:01:26]} 13. h5 {[%emt 0:05:20]} gxh5 {[%emt 0:12:41]} 14. Ne6 {[%emt 0:11:55]} Bxe6 15. dxe6 {[%emt 0:00:12]} f4 {[%emt 0:10:59]} 16. Qb3 {[%emt 0:01:58]} b6 {[%emt 0:05:04]} 17. c5 {[%emt 0:03:34]} Kh8 {[%emt 0:00:41]} 18. cxb6 {[%emt 0:01:31]} axb6 {[%emt 0:02:52]} 19. Nd5 {[%emt 0:04:48]} Nxd5 {[%emt 0:00:35]} 20. exd5 {[%emt 0:04:34]} Qg5 {[%emt 0:03:09]} 21. g3 {[%emt 0:05:21]} Ng4 {[%emt 0:01:07]} 22. gxf4 {[%emt 0:00:30]} exf4 {[%emt 0:00:42]} 23. Bd2 {[%emt 0:01:19]} Rf5 {[%emt 0:04:35]} 24. Bf3 {[%emt 0:03:47]} Re5+ {[%emt 0:03:51]} 25. Kf1 {[%emt 0:00:01]} Nxf2 {[%emt 0:04:45]} 26. Rxh5 {[%emt 0:01:47]} Qg3 {[%emt 0:00:09]} 27. Rxe5 {[%emt 0:01:30]} Nh3 {[%emt 0:00:28]} 28. Be1 {[%emt 0:01:42]} Qg1+ {[%emt 0:00:08]} 29. Ke2 {[%emt 0:00:03]} Bxe5 {[%emt 0:02:49]} 30. Rc1 {[%emt 0:05:16]} Qg7 {[%emt 0:10:57]} 31. Kd1 {[%emt 0:09:38]} Ng5 {[%emt 0:00:08]} 32. Be2 {[%emt 0:01:03]} Rf8 {[%emt 0:02:14]} 33. Qc2 {[%emt 0:01:51]} f3 {[%emt 0:02:57]} 34. Bb5 {[%emt 0:00:08]} Qf6 {[%emt 0:00:26]} 35. Bh4 {[%emt 0:05:52]} Rg8 {[%emt 0:01:23]} 36. Qd3 {[%emt 0:02:29]} Qf4 {[%emt 0:01:54]} 37. Rc4 {[%emt 0:04:23]} Qh2 {[%emt 0:02:58]} 38. Qd2 {[%emt 0:00:38]} Qg1+ {[%emt 0:02:18]} 39. Kc2 {[%emt 0:00:59]} Bf6 {[%emt 0:05:32]} 40. Bf2 {[%emt 0:04:15]} Qh2 {[%emt 0:01:27]} 41. Bd4 {[%emt 0:02:10]} Qxd2+ {[%emt 0:01:45]} 42. Kxd2 {[%emt 0:00:02]} Ne4+ {[%emt 0:00:51]} 43. Ke3 {[%emt 0:00:19]} f2 {[%emt 0:00:36]} 44. Rxc7 {[%emt 0:01:22]} Bxd4+ {[%emt 0:01:41]} 45. Kxd4 {[%emt 0:01:10]} Nf6 {[%emt 0:00:54]} 46. Rf7 {[%emt 0:01:25]} Rg4+ {[%emt 0:00:28]} 47. Kd3 {[%emt 0:00:11]} f1=Q+ {[%emt 0:00:07] Kd4} 0-1

[Event "Portugal Open 2019"]
[Site "Lisbon"]
[Date "2019.02.07"]
[Round "7.5"]
[White "Alshameary Puente, Ismael"]
[Black "Xu, Xiangyu"]
[Result "1/2-1/2"]
[WhiteElo "2418"]
[BlackElo "2565"]
[Annotator "RC"]
[PlyCount "57"]
[EventDate "2019.01.25"]
[EventType "swiss"]
[EventCountry "POR"]
[SourceTitle "playchess.com"]
[Source "ChessBase"]
[SourceQuality "1"]
[TimeControl "5400+30"]

1. d4 {[%emt 0:02:04]} Nf6 {[%emt 0:00:00]} 2. c4 {[%emt 0:00:12]} g6 {[%emt 0:00:00]} 3. Nf3 {[%emt 0:00:33]} Bg7 {[%emt 0:00:00]} 4. g3 {[%emt 0:00:06]} d5 {[%emt 0:00:19]} 5. cxd5 {[%emt 0:03:13]} Nxd5 {[%emt 0:00:09]} 6. Bg2 {[%emt 0:00:03]} Nb6 {[%emt 0:00:11]} 7. Nc3 {[%emt 0:01:37]} Nc6 {[%emt 0:00:08]} 8. e3 {[%emt 0:00:04]} e5 {[%emt 0:00:07]} 9. d5 {[%emt 0:06:28]} Ne7 {[%emt 0:00:08]} 10. e4 {[%emt 0:00:08]} Bg4 {[%emt 0:00:07]} 11. h3 {[%emt 0:13:22]} Bxf3 {[%emt 0:00:12]} 12. Bxf3 {[%emt 0:00:02]} O-O {[%emt 0:00:14]} 13. h4 {[%emt 0:00:41]} c6 {[%emt 0:04:42]} 14. h5 {[%emt 0:13:23]} cxd5 {[%emt 0:00:11]} 15. exd5 {[%emt 0:00:26]} Nf5 {[%emt 0:00:21]} 16. Bg2 {[%emt 0:06:49]} Nd4 {[%emt 0:00:49]} 17. Ne2 {[%emt 0:14:28]} Nxd5 {[%emt 0:09:30]} 18. hxg6 {[%emt 0:00:12]} hxg6 {[%emt 0:00:06]} 19. Nxd4 {[%emt 0:06:55]} exd4 {[%emt 0:00:09]} 20. Qg4 {[%emt 0:02:24]} Re8+ {[%emt 0:46:38]} 21. Kf1 {[%emt 0:00:18]} Re5 {[%emt 0:00:07]} 22. Bf3 {[%emt 0:10:47]} Rf5 {[%emt 0:01:06]} 23. Bh6 {[%emt 0:06:51]} Nf6 {[%emt 0:01:55]} 24. Qh4 {[%emt 0:00:24]} Nh5 {[%emt 0:00:30]} 25. Bxg7 {[%emt 0:01:47]} Kxg7 {[%emt 0:00:39]} 26. Qe4 {[%emt 0:01:12]} Nf6 {[%emt 0:02:16]} 27. Qh4 {[%emt 0:00:17]} Nh5 {[%emt 0:00:11]} 28. Qe4 {[%emt 0:00:02]} Nf6 {[%emt 0:01:27]} 29. Qh4 {[%emt 0:00:01]} 1/2-1/2

[Event "Portugal Open 2019"]
[Site "Lisbon"]
[Date "2019.02.07"]
[Round "7.6"]
[White "Yankelevich, Lev"]
[Black "Kadric, Denis"]
[Result "1/2-1/2"]
[WhiteElo "2445"]
[BlackElo "2545"]
[Annotator "TA"]
[PlyCount "62"]
[EventDate "2019.01.25"]
[EventType "swiss"]
[EventCountry "POR"]
[SourceTitle "playchess.com"]
[Source "ChessBase"]
[SourceQuality "1"]

{[%evp 11,62,61,62,46,43,37,67,48,85,62,78,67,66,71,90,40,69,55,47,48,102,100,85,93,116,101,110,98,109,83,117,108,104,113,186,183,191,189,185,191,208,25,37,0,0,0,0,0,0,0,0,0,0]} 1. d4 (1. e4 Nc6 2. Nf3 d6 3. d4 Nf6 4. d5 Nb8 5. Bd3 g6 6. O-O {½-½ (72) Kasimdzhanov,R (2676)-Carlsen,M (2827) Douglas 2017}) 1... d6 $146 ({Predecessor:} 1... Nc6 2. Nf3 d6 3. c4 g6 4. d5 Nb8 5. h3 Bg7 6. e4 Nf6 7. Bd3 O-O 8. Nc3 c6 {1-0 (31) Neverov,V (2562)-Rossi,C (2418) Ohrid 2001}) 2. Nf3 g6 3. e4 Bg7 4. Bd3 Nc6 5. d5 Nb8 {[%cal Bc6b8,Bb8a6,Ba6c5][%mdl 32]} 6. O-O Nf6 7. h3 {B07: Pirc Defence: Miscellaneous Systems} (7. c4 O-O 8. Nc3 Bg4 9. Be2 Nfd7 10. Bg5 a5 11. Nd2 Bxe2 12. Qxe2 c6 13. Kh1 a4 14. a3 Nc5 {½-½ (72) Kasimdzhanov,R (2676)-Carlsen,M (2827) Douglas 2017}) 7... O-O 8. c4 c6 9. Nc3 {White is slightly better.} a5 10. Bg5 ({Predecessor:} 10. Re1 Na6 11. Bg5 {1-0 (31) Neverov,V (2562)-Rossi,C (2418) Ohrid 2001}) 10... Na6 11. Qd2 Re8 12. Rfe1 Nc5 13. Bf1 Nfd7 14. Bh6 Bxh6 15. Qxh6 Qb6 ({Better is} 15... f6 $14) 16. Ng5 $16 Nf8 17. Re3 {Strongly threatening Rf3.} Qd8 18. Rd1 f6 19. Nf3 e5 20. dxe6 Rxe6 21. e5 fxe5 22. Ng5 Qc7 (22... Re7 $16 {is a better defense.}) 23. Rf3 $18 {[%csl Gh6][%cal Rf3f8] [#]} ({But not} 23. Nxe6 $6 Nfxe6 24. b3 b6 $14) 23... Qg7 24. Qxg7+ $40 {[%mdl 128] White is out for blood.} ({Not} 24. Nxe6 Qxh6 25. Rxf8+ Qxf8 $11) 24... Kxg7 25. Nxe6+ Nfxe6 {[#]} 26. Rxd6 $2 (26. Ne2 $1 $18) 26... Nd4 $11 27. Re3 (27. Rd3 {looks sharper.} Nxd3 28. Bxd3 Be6 29. Na4 b5 30. cxb5 cxb5 31. Bxb5 Bxa2 32. Bd3) 27... Nf5 {[%mdl 64] Double Attack. The position is equal.} 28. Rd8 Nxe3 29. fxe3 Ne6 30. Rd6 Nc5 31. Rd8 Ne6 {Accuracy: White = 58%, Black = 54%.} 1/2-1/2